Los libros tienen la palabra, 2 : (Record no. 52623)
[ view plain ]
| 000 -CABECERA | |
|---|---|
| campo de control de longitud fija | 01488nam a2200229 a 4500 |
| 005 - FECHA Y HORA DE LA ÚLTIMA TRANSACCIÓN | |
| campo de control | 20240911063929.0 |
| 008 - ELEMENTOS DE LONGITUD FIJA--INFORMACIÓN GENERAL | |
| campo de control de longitud fija | 991125n198 [me 000 0 spa u |
| 035 ## - NÚMERO DE CONTROL DEL SISTEMA | |
| Número de control de sistema | UPN01000052623 |
| 049 ## - COLECCIÓN | |
| Colección | AV |
| 099 ## - CLASIFICACIÓN LOCAL | |
| Clasificación local | PVI Z 0502 |
| 245 04 - MENCIÓN DE TÍTULO | |
| Título | Los libros tienen la palabra, 2 : |
| Resto del título | Salas infantiles de bibliotecas públicas. |
| 260 ## - PUBLICACIÓN, DISTRIBUCIÓN, ETC. | |
| Lugar de publicación, distribución, etc. | [México] : |
| Nombre del editor, distribuidor, etc. | UTEC, |
| Fecha de publicación, distribución, etc. | [198-]. |
| 300 ## - DESCRIPCIÓN FÍSICA | |
| Extensión | 1 videocasete (VHS) (30 min.) : |
| Otras características físicas | son., col. |
| 520 ## - NOTA DE RESUMEN, ETC. | |
| Sumario, etc. | La Directora de salas infantiles de la SEP nos habla de la importante tarea de enseñar al niño a usar la biblioteca, pues además de brindarle información para realizar sus trabajos escolares, le ofrece lecturas recreativas y la posibilidad de elegir entre el material existente lo que él desea leer. Cuando el niño aprende cómo funciona la biblioteca, se le facilita la búsqueda de información y la investigación para elaborar sus tareas. En la sección el escritor y su mundo habla de Juan de la Cabada y sus obras, presenta un fragmento de su cuento "Miguel" y una entrevista con el escritor. Incluye algunas escenas en blanco y negro |
| 501 ## - NOTA DE "CON" | |
| Nota de “Con” | Con: Primeras manifestaciones gráficas realizadas por el hombre -- Librerías de viejo -- La Biblioteca de México |
| 600 14 - ASIENTO SECUNDARIO DE MATERIA - NOMBRE PERSONAL | |
| Nombre de persona | CABADA, JUAN DE LA, |
| Fechas asociadas al nombre | 1903-1986 |
| 650 #4 - ASIENTO SECUNDARIO DE MATERIA - TERMINO TEMATICO | |
| Término de materia o nombre geográfico como elemento de entrada | Bibliotecas públicas |
| Subdivisión geográfica | México |
| 9 (RLIN) | 3056 |
| 650 #4 - ASIENTO SECUNDARIO DE MATERIA - TERMINO TEMATICO | |
| Término de materia o nombre geográfico como elemento de entrada | Libros y lectura para niños |
| 9 (RLIN) | 2290 |
| 650 #4 - ASIENTO SECUNDARIO DE MATERIA - TERMINO TEMATICO | |
| Término de materia o nombre geográfico como elemento de entrada | Literatura mexicana |
| 9 (RLIN) | 4466 |
| 740 0# - ASIENTO SECUNDARIO - TÍTULOS RELACIONADOS /ANALITICOS NO CONTROLADOS | |
| Título relacionado o analítico no controlado | Salas infantiles de bibliotecas públicas |
| 905 ## - TIPO DE MATERIAL | |
| Tipo de material | Audiovisuales |
| Estado de retiro | Estado de pérdida | Fuente del sistema de clasificación o colocación | Estado dañado | No para préstamo | Código de colección | Localización permanente | Ubicación/localización actual | Ubicación en estantería | Total de préstamos | Clasificación | Código de barras | Fecha visto por última vez | Número de copia | Tipo de ítem Koha |
|---|---|---|---|---|---|---|---|---|---|---|---|---|---|---|
| Library of Congress Classification | Audiovisuales | Bib. Gregorio Torres Quintero | Bib. Gregorio Torres Quintero | Audiovisual | PVI Z 0502 | 0502APVI | 31/12/2020 | 1 | Libro |
